| 000 | 005150000a22001810004500 | ||
|---|---|---|---|
| 003 | MACL | ||
| 005 | 20160213130534.0 | ||
| 008 | 160213b xxu||||| |||| 00| 0 eng d | ||
| 040 |
_aMACL _cMACL |
||
| 041 | _aHindi | ||
| 082 | _a200 | ||
| 100 |
_aदेवीप्रसाद स्व. मुं _938156 |
||
| 245 | _aभागवत संप्रदाय | ||
| 260 |
_bबलदेव उपाघ्याय _aकाशी |
||
| 350 | _a6 | ||
| 650 |
_aReligion _938157 |
||
| 942 |
_cHIN _k200 _2ddc |
||
| 999 |
_c23819 _d23819 |
||